| 000 | 00573cam a22002291 4500 | ||
|---|---|---|---|
| 001 | ne 68003448 | ||
| 003 | DLC | ||
| 005 | 20260227111846.0 | ||
| 008 | 881020s1968 xx k 000 0 ara | ||
| 010 | _ane 68003448 | ||
| 035 | _a(OCoLC)23520904 | ||
| 040 |
_aDLC _cMiU _dDLC |
||
| 042 | _apremarc | ||
| 043 | _af-ua--- | ||
| 050 | 0 | 0 |
_aHE283 _b.A8 |
| 100 | 1 | _aʻAshmāwī, Saʻd al-Dīn. | |
| 245 | 1 | 0 | _aTanẓīm ṣināʻat al-naql fī Miṣr. |
| 260 | _c1968. | ||
| 300 |
_a171 p. _bforms. _c24 cm. |
||
| 500 | _aRomanized. | ||
| 650 | 0 |
_aTransportation _zEgypt. |
|
| 999 |
_c50776 _d50776 |
||